Projekt ako druh produktu v marketingovom mixe - úvod do problematiky

Obsahový význam termínu projekt. História termínu projekt. Definície termínu projekt. Projektový manažment. Projektový marketing. Projekt ako jedna z foriem produktov marketingového mixu.

Uložené v:
Podrobná bibliografia
Hlavný autor: Filo, Peter
Médium: Kapitola
Jazyk:Slovak
Predmet:
Tagy: Pridať tag
Žiadne tagy, Buďte prvý, kto otaguje tento záznam!

MARC

LEADER 00000naa$a2200000$$$4500
001 0048213
005 20240502071543.7
041 0 |a slo 
044 |a SK 
245 1 0 |a Projekt ako druh produktu v marketingovom mixe - úvod do problematiky  |c Peter Filo 
520 |a Obsahový význam termínu projekt. História termínu projekt. Definície termínu projekt. Projektový manažment. Projektový marketing. Projekt ako jedna z foriem produktov marketingového mixu. 
610 2 0 |a projekty 
610 2 0 |a definície 
610 2 0 |a história 
610 2 0 |a manažment 
610 2 0 |a marketing 
610 2 0 |a marketing mix 
100 1 |a Filo, Peter